Achtergruppen #1 - Statistiken

Allgemein
  • Dieses Quiz wurde 338 mal gespielt
  • Das Durchschnittsergebnis liegt bei 43 aus 72
Antwortstatistiken
Gruppe Antwort % Korrekt
Planeten Erde
100%
Planeten Saturn
99%
Planeten Mars
98%
Planeten Merkur
98%
Planeten Venus
98%
Planeten Jupiter
97%
Bärenarten Braunbär
95%
Planeten Uranus
95%
Lebensmittel in einem kompletten englischen Frühstück Eier
92%
Planeten Neptun
92%
Länder, die die Männer-FIFA-Weltmeisterschaft gewonnen haben Deutschland
91%
Länder, die die Männer-FIFA-Weltmeisterschaft gewonnen haben Frankreich
91%
Länder, die die Männer-FIFA-Weltmeisterschaft gewonnen haben Brasilien
89%
Länder, die die Männer-FIFA-Weltmeisterschaft gewonnen haben Spanien
89%
Länder, die die Männer-FIFA-Weltmeisterschaft gewonnen haben Argentinien
88%
Länder zwischen den USA und Kolumbien Mexiko
88%
Länder, die die Männer-FIFA-Weltmeisterschaft gewonnen haben Italien
87%
Bärenarten Eisbär
86%
Länder, die an die Türkei grenzen Griechenland
85%
Länder zwischen den USA und Kolumbien Panama
84%
Länder, die die Männer-FIFA-Weltmeisterschaft gewonnen haben England
79%
Länder, die die Männer-FIFA-Weltmeisterschaft gewonnen haben Uruguay
78%
Länder zwischen den USA und Kolumbien Costa Rica
77%
Länder zwischen den USA und Kolumbien Honduras
77%
Länder zwischen den USA und Kolumbien Nicaragua
76%
Wortarten / Redeteile / lexikalische Kategorien Verb
76%
Länder zwischen den USA und Kolumbien El Salvador
75%
Länder, die an die Türkei grenzen Syrien
75%
Bärenarten Amerikanischer Schwarzbär
73%
Länder, die an die Türkei grenzen Irak
73%
Länder, die an die Türkei grenzen Iran
73%
Wortarten / Redeteile / lexikalische Kategorien Nomen
73%
Lebensmittel in einem kompletten englischen Frühstück Frühstücksspeck
72%
Länder zwischen den USA und Kolumbien Guatemala
72%
Lebensmittel in einem kompletten englischen Frühstück Gebackene Bohnen
71%
Länder, die an die Türkei grenzen Armenien
70%
Länder, die an die Türkei grenzen Georgien
70%
Länder zwischen den USA und Kolumbien Belize
69%
Länder, die an die Türkei grenzen Aserbaidschan
66%
Länder, die an die Türkei grenzen Bulgarien
65%
US-Bundesstaaten, die an die Großen Seen liegen Michigan
61%
Lebensmittel in einem kompletten englischen Frühstück Würstchen
56%
Lebensmittel in einem kompletten englischen Frühstück Gebratenes Brot / Toastbrot
54%
Bärenarten Großer Panda
54%
Wortarten / Redeteile / lexikalische Kategorien Adverb
52%
US-Bundesstaaten, die an die Großen Seen liegen New York
45%
US-Bundesstaaten, die an die Großen Seen liegen Illinois
44%
US-Bundesstaaten, die an die Großen Seen liegen Ohio
44%
Wortarten / Redeteile / lexikalische Kategorien Pronomen
44%
Wortarten / Redeteile / lexikalische Kategorien Artikel
43%
US-Bundesstaaten, die an die Großen Seen liegen Minnesota
40%
Australische Bundesstaaten und Territorien Queensland
39%
Australische Bundesstaaten und Territorien New South Wales
36%
US-Bundesstaaten, die an die Großen Seen liegen Wisconsin
35%
US-Bundesstaaten, die an die Großen Seen liegen Indiana
34%
Australische Bundesstaaten und Territorien Tasmanien
33%
US-Bundesstaaten, die an die Großen Seen liegen Pennsylvania
32%
Wortarten / Redeteile / lexikalische Kategorien Präposition
29%
Bärenarten Brillenbär
28%
Lebensmittel in einem kompletten englischen Frühstück Gebratene Tomate
28%
Australische Bundesstaaten und Territorien Victoria
26%
Australische Bundesstaaten und Territorien Western Australia
26%
Wortarten / Redeteile / lexikalische Kategorien Konjunktion
23%
Australische Bundesstaaten und Territorien South Australia
18%
Australische Bundesstaaten und Territorien Northern Territory
16%
Bärenarten Kragenbär
15%
Lebensmittel in einem kompletten englischen Frühstück Gebratene Pilze
10%
Bärenarten Lippenbär
10%
Lebensmittel in einem kompletten englischen Frühstück Blutpudding
9%
Bärenarten Malaienbär
5%
Australische Bundesstaaten und Territorien Australisches Hauptstadtterritorium
4%
Wortarten / Redeteile / lexikalische Kategorien Partizip
1%
Keine übereinstimmenden Quizze gefunden
Verteilung der Resultate
Anzahl Personen mit jedem Resultat
Perzentil nach korrekt beantworteten Fragen
Ihre Resultats-Entwicklung
Sie haben dieses Quiz noch nicht gespielt